000 00380nam a2200169Ia 4500
003 0100
008 130303s9999 xx 000 0 und d
040 _cARRUPELIB
050 _aHF5387.D38 1982
100 _aDe George, Richard T
245 _aBusiness Ethics
260 _aNY
260 _bMacmillan Publishing Company Inc
260 _C1982
300 _a300p
942 0 0 _08
999 _c24923
_d24923